Návrh súčiastkovej základne pre pružnú výrobnú bunku na KTZS v súlade so skupinovou technológiou : Diplomová práca

Saved in:
Bibliographic Details
Main Author: Chynoranská, Simona (Author)
Other Authors: Velíšek, Karol, 1951- (xxx)
Format: Manuscript Book
Language:Slovak
Published: Trnava : STU v Bratislave MtF KTZS, 2006
Subjects:
Tags: Add Tag
No Tags, Be the first to tag this record!

MARC

LEADER 00000ntm a22000003a 4500
001 stu119854
005 20200715133245.0
008 060602s2006----xo------------------slo-d
040 |a STU  |b slo 
041 0 |a slo 
044 |a xo 
100 1 |a Chynoranská, Simona  |4 aut 
245 1 |a Návrh súčiastkovej základne pre pružnú výrobnú bunku na KTZS v súlade so skupinovou technológiou :  |b Diplomová práca 
260 |a Trnava :  |b STU v Bratislave MtF KTZS,  |c 2006 
300 |a 84 s  |c príl., 1 CD 
650 7 |a technologické zariadenia a systémy  |2 stusub 
650 7 |a pružné výrobné bunky  |2 stusub 
700 1 |a Velíšek, Karol,  |d 1951-  |4 xxx  |u M2000  |U MTF Materiálovotechnologická fakulta  |T MTF Ústav výrobných systémov a aplikovanej mechaniky  |X 234  |U M2000  |Y 82  |7 A000000234 
700 1 |a Charbulová, Marcela  |4 csl  |u M170  |U MTF Ústav výrobných systémov a aplikovanej mechaniky  |T MTF Katedra technologických zariadení a systémov  |X 4306  |U M170  |Y M170  |7 A000004306 
996 |b 284M073267  |c M*DP-5928  |l MMSKP  |s P  |a 0  |w stu119854_0001